000 00442nam a22001337a 4500
005 20250122130923.0
008 250122b |||||||| |||| 00| 0 eng d
020 _a9788174731814
050 _aR838.5 POS
245 _a7200 solved MCQs Post Graduate Medical Entrance Examination 1991-2005/
_ccompiled by U. N. Panda
260 _aKrishan Nagar, Delhi
_bA.I.T.B.S. Publishers & Distributors
_c2006
300 _a689p.
_c23.5cm
942 _2lcc
_cBK
_n0
999 _c2792
_d2792